APPLIED REGRESSION ANALYSIS AND OTHER MU (Record no. 14915)

MARC details
000 -LEADER
fixed length control field 00397nam a2200145Ia 4500
008 - FIXED-LENGTH DATA ELEMENTS--GENERAL INFORMATION
fixed length control field 240624s9999 xx 000 0 und d
041 ## - LANGUAGE CODE
Language code of text/sound track or separate title eng
082 ## - DEWEY DECIMAL CLASSIFICATION NUMBER
Classification number 300.1 KLE
100 ## - MAIN ENTRY--PERSONAL NAME
Personal name KLEINBAUM DAVID G
245 ## - TITLE STATEMENT
Title APPLIED REGRESSION ANALYSIS AND OTHER MU
250 ## - EDITION STATEMENT
Edition statement (4th ed.)
260 ## - PUBLICATION, DISTRIBUTION, ETC.
Date of publication, distribution, etc. 2008
Place of publication, distribution, etc. Australia
Name of publisher, distributor, etc. Brooks/Cole Cengage Learning
300 ## - PHYSICAL DESCRIPTION
Extent xxi, : 906 : p. : cm. ; 23
365 ## - TRADE PRICE
Currency code
Price amount 30
Holdings
Withdrawn status Lost status Damaged status Not for loan Home library Current library Shelving location Date acquired Source of acquisition Cost, normal purchase price Total Checkouts Total Holds Full call number Barcode Date last seen Date last checked out Copy number Price effective from Koha item type
        IMTN IMTN Rack 4-A 03/30/2010 BWE 50.00 1 8969 300.1 KLE 14915 08/28/2024 07/06/2024 48.9 06/24/2024 Books
Designed & Maintained by: LRC IMT Nagpur Contact: lrc@imtnag.ac.in© 2024. All Rights Reserved.